000 00244nam a2200097Ia 4500
005 20251222114354.0
008 251222s1900||||xx |||||||||||||| ||spa||
082 _aDVD0090/J73R/2002
245 0 _aGenios de la pintura italiana: Rafael:
942 _cDVD
999 _c1347
_d1347